| 000 | 00810nam a22002295i 4500 | ||
|---|---|---|---|
| 001 | 162113 | ||
| 003 | ES-MaACL | ||
| 005 | 20251005063127.0 | ||
| 008 | 990414m19001901sp |||| | spa d | ||
| 040 |
_aCCPB | B _bspa _cCCPB | B |
||
| 100 | 1 |
_aPiernas y Hurtado, José Manuel, _d1843-1911 _991943 |
|
| 245 | 1 | 0 |
_aTratado de hacienda pública y examen de la española / _cpor José Piernas Hurtado. |
| 250 | _a5ª ed. refundida nuevamente. | ||
| 260 |
_aMadrid : _bLibrería de D. Victoriano Suárez, _c1900-1901. |
||
| 300 |
_a2 v. ; _c22 cm. |
||
| 510 | 4 |
_aPalau, _c225590 |
|
| 597 | _aAntep. | ||
| 597 | _aT. I (539, [2] p.) -- t. II (692, [4] p.) | ||
| 650 | 0 | 4 |
_aHacienda pública- _zEspaña. _913281 |
| 852 |
_aES-MaACL _jF-3436-37 _z-- Enc. pasta española |
||
| 999 |
_c162113 _d162113 |
||